| 000 | 00853nam a2200241 u 4500 | ||
|---|---|---|---|
| 005 | 20240228063926.0 | ||
| 008 | 080512s2006 r 000 0 eng d | ||
| 020 | _a9871296134 (10 dígitos) | ||
| 020 | _a9789871296132 (13 dígitos) | ||
| 035 | _aUPN01000155826 | ||
| 049 | _aI | ||
| 050 | 4 |
_aPZ10.3 _bT7.7 |
|
| 100 | 1 |
_aTremblay, Carole, _d1959- _936906 |
|
| 245 | 1 | 0 |
_aRomeo : _bel ratoncito romántico / _cCarole Tremblay ; il. Dominique Jolin ; tr. Ana Burgeret. |
| 260 |
_aBuenos Aires : _bUnaluna, _cc2006. |
||
| 300 |
_a[29] p. : _bprincipalmente il. col. |
||
| 534 |
_pTítulo original: _tRoméo le rat romantique |
||
| 650 | 4 |
_aCUENTOS INFANTILES CANADIENSES _911112 |
|
| 650 | 0 |
_aAnimales _vCuentos y leyendas _9234 |
|
| 650 | 4 |
_aLibros y lectura para niños _92290 |
|
| 700 | 1 |
_aJolin, Dominique, _d1964- _eil. _932844 |
|
| 905 | _aInfantil | ||
| 999 |
_c127940 _d127940 |
||